[Event "SWZ-chT"]
[Site "SWZ"]
[Date "1995.??.??"]
[Round "5"]
[White "Wittwer, Moritz"]
[Black "Raeber, Markus"]
[Result "1/2-1/2"]
[WhiteElo "2190"]
[BlackElo "2115"]

1.d4 Nf6 2.Nf3 g6 3.g3 Bg7 4.Bg2 O-O 5.c4 d6 6.Nc3 Nbd7 7.O-O e5 8.Qc2 c6
9.Rd1 Qe7 10.b3 exd4 11.Nxd4 Nc5 12.Bf4 Ne8 13.Rac1 Bxd4 14.Rxd4 Ne6 15.Rd3 Nxf4
16.gxf4 Qh4 17.Qd2 Nf6 18.Ne4 Nh5 19.e3 Bf5 20.Rxd6 Bxe4 21.Bxe4 Nf6 22.Bg2 Rfe8
23.f3 Nh5 24.Rd1 Qe7 25.Rd3 Qc5 26.Rd4 a5 27.Bh3 Nf6 28.Kg2 a4 29.b4 Qe7
30.e4 c5 31.bxc5 Qxc5 32.Rb1 Qc7 33.e5 Nh5 34.Rb5 Re7 35.Rbd5 h6 36.Bg4 Ng7
37.Rd8+ Rxd8 38.Rxd8+ Kh7 39.Rc8 Qb6 40.Ra8 f5 41.exf6 Qxf6 42.Qd5 Ne8 43.f5 Kg7
44.fxg6 Qb2+ 45.Kh3 Qf2  1/2-1/2

[Event "SWZ-chT"]
[Site "SWZ"]
[Date "1995.??.??"]
[Round "6"]
[White "Almada, Enrique"]
[Black "Weindl, Alfred"]
[Result "1/2-1/2"]
[WhiteElo "2295"]
[BlackElo "2350"]

1.d4 Nf6 2.Nf3 g6 3.c4 Bg7 4.g3 O-O 5.Bg2 d6 6.O-O Nbd7 7.Nc3 e5 8.e4 c6
9.h3 Qb6 10.d5 cxd5 11.cxd5 Nc5 12.Qe2 Bd7 13.Be3 Rfc8 14.Rfc1 Qa6 15.Qxa6 bxa6
16.Ne1 a5 17.g4 Bf8 18.f3 Be7 19.Bf1 Rab8 20.Rc2 Bd8 21.Rac1 Ne8 22.Nd3 Nxd3
23.Bxd3 Bb6 24.Kf2 Kf8 25.Nd1 Rxc2+ 26.Rxc2 Ke7 27.Ke2 Ba4 28.b3 Bxe3 29.Kxe3 Bd7
30.Nb2 h6 31.h4 Rb4  1/2-1/2

[Event "SWZ-chT"]
[Site "SWZ"]
[Date "1995.??.??"]
[Round "8"]
[White "Toth, Bela"]
[Black "Landenbergue, Claude"]
[Result "0-1"]
[WhiteElo "2400"]
[BlackElo "2420"]

1.d4 Nf6 2.Nf3 g6 3.c4 Bg7 4.g3 O-O 5.Bg2 d6 6.Nc3 Nbd7 7.O-O e5 8.e4 exd4
9.Nxd4 Re8 10.h3 a6 11.Re1 Rb8 12.Rb1 Nc5 13.b3 Bd7 14.Bb2 b5 15.cxb5 axb5
16.b4 Ne6 17.Nf3 Bc6 18.Nd5 Bb7 19.Qd2 Nd7 20.Bxg7 Nxg7 21.Rbd1 Ra8 22.Qb2 c6
23.Ne3 Qe7 24.Nd4 Ne6 25.Nef5 Qf8 26.Nxe6 Rxe6 27.Nd4 Ree8 28.e5 Nxe5 29.Nxb5 Nc4
30.Qc3 d5 31.Rxe8 Rxe8 32.Nd4 Qg7 33.a4 h5 34.h4 Qf6 35.Rc1 Ra8 36.a5 Rb8
37.Qa1 Ba6 38.Qc3 Qd6 39.Rb1 c5 40.Nc2 d4 41.Qd3 Ne5 42.Qd2 d3 43.Ne3 Qd4
44.Nd5 Kg7 45.Nb6 cxb4 46.Qxb4 Qxb4 47.Rxb4 d2 48.Rd4 Bd3 49.Rxd3 Nxd3 50.Bf3 Nb2
51.Kf1 Rb7 52.Bxb7 d1=Q+ 53.Kg2 Qd4 54.Nc8 Nd1 55.a6 Qxf2+ 56.Kh3 Ne3  0-1

[Event "SWZ-chT"]
[Site "SWZ"]
[Date "1995.??.??"]
[Round "9"]
[White "Benz, Rolf"]
[Black "Pytel, Martin"]
[Result "0-1"]
[WhiteElo "2185"]
[BlackElo "2235"]

1.d4 Nf6 2.c4 g6 3.g3 Bg7 4.Bg2 O-O 5.Nf3 d6 6.O-O Nc6 7.Nc3 a6 8.h3 Rb8
9.Be3 Bd7 10.Rc1 Na5 11.b3 b5 12.cxb5 axb5 13.Kh2 b4 14.Nb1 Nd5 15.Bd2 f5
16.Ne1 e6 17.Nd3 Nc6 18.Rc4 Nxd4 19.Bxd5 exd5 20.Rxb4 Ra8 21.Bh6 Bxh6 22.Rxd4 c6
23.a4 Bg7 24.Rb4 Qa5 25.Qc2 Ra7 26.Rf4 g5 27.Rf3 d4 28.Nb2 Qd8 29.Nd2 Qf6
30.Nbc4 Qh6 31.Kg2 c5 32.e4 fxe4 33.Rxf8+ Bxf8 34.g4 d5 35.Ne5 Qf6 36.Nxd7 Rxd7
37.f4 gxf4  0-1

[Event "HUN-SLO juniors"]
[Site "Szentgotthard"]
[Date "1995.??.??"]
[Round "?"]
[White "Czebe, Attila"]
[Black "Soln, Primoz"]
[Result "1-0"]
[WhiteElo "2430"]
[BlackElo "2270"]

1.d4 Nf6 2.c4 g6 3.g3 Bg7 4.Bg2 d6 5.Nf3 O-O 6.O-O Nc6 7.Nc3 a6 8.d5 Na5
9.Nd2 c5 10.Qc2 Rb8 11.b3 b5 12.Bb2 bxc4 13.bxc4 Bd7 14.Rab1 Qc7 15.e3 Rb7
16.Ne2 Rfb8 17.Bc3 Ne8 18.Bxg7 Nxg7 19.Nf4 Rb4 20.h4 Ba4 21.Qc3 Rxb1 22.Rxb1 Rxb1+
23.Nxb1 Qb6 24.Nd2 Nb7 25.Bh3 a5 26.Nd3 Be8 27.Bc8 Nd8 28.Nb3 Qb8 29.Bg4 a4
30.Nd2 Qa7 31.Qb2 Nb7 32.Nb1 Na5 33.Na3 Qa6 34.Qc3 Qb6 35.Bc8 Nh5 36.Qb2 Qa7
37.e4 Nf6 38.e5 Nd7 39.Bxd7 Bxd7 40.exd6 exd6 41.h5 Bf5 42.Nf4 Qe7 43.h6 f6
44.Qb8+ Kf7 45.Ne6 Bxe6 46.Qh8  1-0

[Event "Tel Aviv ASA"]
[Site "Tel Aviv"]
[Date "1995.??.??"]
[Round "2"]
[White "Gofshtein, Leonid D"]
[Black "Sutovskij, Emil"]
[Result "1-0"]
[WhiteElo "2465"]
[BlackElo "2530"]

1.d4 Nf6 2.c4 g6 3.Nf3 Bg7 4.g3 O-O 5.Bg2 d6 6.O-O Nbd7 7.Nc3 e5 8.Qc2 c6
9.Rd1 Qe7 10.e4 exd4 11.Nxd4 Ne5 12.Qe2 Bg4 13.f3 Bd7 14.Be3 a6 15.a4 c5
16.Nc2 Be6 17.b3 Rae8 18.Rac1 Nfd7 19.Nd5 Bxd5 20.Rxd5 f5 21.exf5 gxf5 22.Re1 Nc6
23.Qd2 Nde5 24.Bg5 Qc7 25.f4 Ng6 26.Rxe8 Rxe8 27.Rxf5 Nce7 28.Bxe7 Qxe7 29.Bf3 Kh8
30.Rd5 Rd8 31.Kg2 Qf6 32.Rd3 b6 33.Ne3 Ne7 34.Qe2 Qb2 35.Qxb2 Bxb2 36.Be4 Bd4
37.Nc2 Bb2 38.Bb7 Nf5 39.Rd5 Re8 40.Rxf5 Re2+ 41.Kh3 Rxc2 42.Rd5 Rc3 43.Rxd6 Rxb3
44.Bxa6 Bd4 45.Bb5 Rb2 46.Rxb6 Bg1 47.a5 h5 48.Kh4 Rxh2+ 49.Kg5 Rg2 50.a6 Rxg3+
51.Kxh5 Ra3 52.Rh6+  1-0

[Event "Tel Aviv ASA"]
[Site "Tel Aviv"]
[Date "1995.??.??"]
[Round "2"]
[White "Fauland, Alexander"]
[Black "Rechlis, Gad"]
[Result "0-1"]
[WhiteElo "2445"]
[BlackElo "2500"]

1.Nf3 Nf6 2.c4 g6 3.d4 Bg7 4.g3 O-O 5.Bg2 d6 6.O-O Nbd7 7.Nc3 e5 8.h3 c6
9.Qc2 Re8 10.dxe5 dxe5 11.Be3 Qe7 12.Rfd1 Nc5 13.b4 Bf5 14.Qb2 Nce4 15.Nxe4 Nxe4
16.Nh4 Nd6 17.Bc5 e4 18.Nxf5 Nxf5 19.Qxg7+ Nxg7 20.Bxe7 Rxe7 21.Rd4 e3 22.Rad1 Rae8
23.fxe3 Nf5 24.Rd8 Kf8 25.b5 cxb5 26.cxb5 Nxg3 27.R8d7 Nxe2+ 28.Kf2 Nc3 29.R1d3 Rxd7
30.Rxd7 Re7 31.Rxb7 Rxb7 32.Bxb7 Nxa2 33.Bd5 Nc3 34.Bc4 Ne4+ 35.Kf3 Nd2+  0-1

[Event "JUG-chT"]
[Site "Tivat"]
[Date "1995.??.??"]
[Round "5"]
[White "Sekulic, Dusan"]
[Black "Mozetic, Dejan"]
[Result "1/2-1/2"]
[WhiteElo "2335"]
[BlackElo "2505"]

1.d4 Nf6 2.c4 g6 3.Nf3 Bg7 4.g3 O-O 5.Bg2 d6 6.O-O Nbd7 7.Qc2 e5 8.Rd1 exd4
9.Nxd4 Re8 10.Nc3 a6 11.h3 Rb8 12.e4 Nc5 13.Be3 Bd7 14.Rac1 Qe7 15.f3 b5
16.b4 Ne6 17.Nxe6 Bxe6 18.Nd5 Qd7 19.Nxf6+ Bxf6 20.cxb5 Rxb5 21.Qxc7 Qxc7
22.Rxc7 Rxb4  1/2-1/2

[Event "JUG-chT"]
[Site "Tivat"]
[Date "1995.??.??"]
[Round "6"]
[White "Micic, Cedomir"]
[Black "Vujic Katanic, Branka"]
[Result "1/2-1/2"]
[WhiteElo "2350"]
[BlackElo "2145"]

1.d4 Nf6 2.c4 g6 3.Nf3 Bg7 4.g3 O-O 5.Bg2 d6 6.O-O Nc6 7.Nc3 Bg4 8.h3 Bxf3
9.Bxf3 Nd7 10.e3 e5 11.d5 Ne7 12.e4 f5 13.Kg2 Nf6 14.b4 Kh8 15.Bg5 Neg8 16.h4 Qe8
17.Qd2 Qf7 18.c5 f4 19.Bxf6 Qxf6 20.Nb5 Qd8 21.Qd3 h5 22.a4 Rf7 23.a5 a6
24.Nc3 Qe7 25.c6 bxc6 26.dxc6 Nf6 27.b5 axb5 28.Nd5 Nxd5 29.Qxd5 Rff8 30.Qxb5 Bh6
31.a6 fxg3 32.fxg3 Be3 33.Be2 Rxf1 34.Rxf1 Rf8 35.Qb3 Bb6 36.Bf3 Kg7 37.Ra1 g5
38.a7 Ra8 39.Bxh5 gxh4 40.Rf1 Qg5 41.Qf7+ Kh8 42.g4 Rg8 43.Qf6+  1/2-1/2

[Event "Tivat op"]
[Site "Tivat"]
[Date "1995.??.??"]
[Round "7"]
[White "Nestorovic, Dejan"]
[Black "Poluljahov, Aleksandr"]
[Result "1/2-1/2"]
[WhiteElo "2415"]
[BlackElo "2450"]

1.d4 Nf6 2.Nf3 d6 3.c4 g6 4.g3 Bg7 5.Bg2 O-O 6.O-O Nbd7 7.Nc3 e5 8.e4 c6
9.b3 Re8 10.Re1 a6 11.h3 b5 12.dxe5 dxe5 13.Be3 Qe7 14.Qc2 Bf8 15.cxb5 cxb5
16.Nd5 Nxd5 17.exd5 Bb7 18.d6 Qxd6 19.Red1 Qf6 20.Nxe5 Bxg2 21.Nxd7 Qf3 22.Nf6+ Qxf6
23.Kxg2 Rac8 24.Qd2 h5 25.h4 Re4 26.Rac1 Rce8 27.Rc7 R4e6 28.Qd4 Qxd4  1/2-1/2

[Event "JUG-chT (Women)"]
[Site "Tivat"]
[Date "1995.??.??"]
[Round "7"]
[White "Maric, Alisa"]
[Black "Vasilevich, Tatjana"]
[Result "1/2-1/2"]
[WhiteElo "2445"]
[BlackElo "2215"]

1.Nf3 Nf6 2.c4 g6 3.g3 Bg7 4.Bg2 d6 5.d4 O-O 6.O-O c6 7.Nc3 Bf5 8.b3 Ne4
9.Bb2 Nxc3 10.Bxc3 Be4 11.Qd2 d5 12.Qe3 Nd7 13.cxd5 cxd5 14.Rfc1 e6 15.Bf1 Bxf3
16.Qxf3 Qb6 17.Qd3 Rfc8 18.e3 Bf8 19.Bb2 Bd6 20.Rc2 Rxc2 21.Qxc2 Qd8 22.Rc1 Nb6
23.Qd2 Rc8 24.Qa5 Rxc1 25.Bxc1 Qc7 26.Bd2 Nc8 27.Qb5 Kg7 28.Bd3 Be7 29.Qa5 b6
30.Qc3 Qxc3 31.Bxc3 Nd6 32.Bb4  1/2-1/2

[Event "JUG-chT"]
[Site "Tivat"]
[Date "1995.??.??"]
[Round "8"]
[White "Blagojevic, Dragisa"]
[Black "Martinovic, Slobodan"]
[Result "1/2-1/2"]
[WhiteElo "2460"]
[BlackElo "2445"]

1.d4 Nf6 2.c4 g6 3.Nf3 Bg7 4.g3 O-O 5.Bg2 d6 6.O-O Nc6 7.Nc3 e5 8.d5 Ne7
9.e4 Kh8 10.Ne1 Ne8 11.Nd3 f5 12.Bd2 Nf6 13.Qc1  1/2-1/2

[Event "JUG-chT"]
[Site "Tivat"]
[Date "1995.??.??"]
[Round "9"]
[White "Sekulic, Dusan"]
[Black "Petrovic, Vojislav"]
[Result "1-0"]
[WhiteElo "2335"]
[BlackElo "2305"]

1.d4 Nf6 2.Nf3 g6 3.c4 Bg7 4.g3 O-O 5.Bg2 d6 6.O-O Nc6 7.Nc3 a6 8.h3 Rb8
9.b3 b5 10.cxb5 axb5 11.Bb2 b4 12.Na4 Na5 13.Ne1 Nd7 14.Nd3 c6 15.Qd2 Nb6
16.Qxb4 Nxa4 17.Qxb8 Nxb2 18.Nxb2 Bxd4 19.Rab1 Bf5 20.Qxd8 Rxd8 21.Nd3 h5
22.Rfe1 d5 23.Red1 Ra8 24.Rbc1 e6 25.e3 Bf6 26.Nb4 Bb2 27.Nxc6 Bxc1 28.Ne7+ Kf8
29.Nxf5 Bb2 30.Nd4 Re8 31.b4 Nc4 32.a4 Ra8 33.a5 Bxd4 34.Rxd4 Rb8 35.a6 Rxb4
36.a7 Rb1+ 37.Kh2 Nb6 38.Ra4 Rb2 39.a8=Q+ Nxa8 40.Rxa8+ Kg7 41.Kg1  1-0

[Event "JUG-chT"]
[Site "Tivat"]
[Date "1995.??.??"]
[Round "11"]
[White "Vukic, Milan"]
[Black "Markovic, Miroslav"]
[Result "1/2-1/2"]
[WhiteElo "2450"]
[BlackElo "2470"]

1.Nf3 g6 2.c4 Bg7 3.d4 Nf6 4.g3 O-O 5.Bg2 d6 6.O-O Nbd7 7.Nc3 e5 8.e4 exd4
9.Nxd4 Re8 10.Be3 Nc5 11.f3 c6 12.Qd2 Nfd7 13.Rfd1 Ne5 14.b3 a5 15.Nde2 Ned3
16.Qc2 Nb4 17.Qb1 Qe7 18.a3 Nba6 19.b4 Nd7 20.f4 Nf6 21.b5 Ng4 22.Bd4 Nc5
23.Bxg7 Kxg7 24.Nd4 Bd7 25.Qc1 Rac8 26.Qd2 f5 27.bxc6 bxc6 28.Re1 Qf6 29.exf5 gxf5
30.h3 Nh6 31.Rab1 Rxe1+ 32.Rxe1 Nf7 33.Kh2 h5 34.Bf3 Kh6 35.Nd1 a4 36.h4 Nh8
37.Ne3 Ng6 38.Bg2 Nb3 39.Nxb3 axb3 40.Rb1 Rb8 41.Qd3 b2 42.Bh3 Ne7 43.Qc2 d5
44.Nd1 dxc4 45.Rxb2 Rd8 46.Qxc4 Be6 47.Qc3 Qxc3 48.Nxc3 Kg6 49.Bf1 Kf6 50.Be2 Ra8
51.Nb1 Bf7 52.Kg1 Nd5 53.Kf2 Ra5 54.Rc2 c5 55.Rb2 Ra7 56.Rb5 Rc7 57.Bf3 Ke7
58.Ke2 Kd6 59.Kd2 Be8 60.Rb8 Bc6 61.Rd8+ Ke6 62.Bxd5+ Bxd5 63.Nc3 Bc6 64.Rh8 Rg7
65.Rh6+ Kd7 66.Rxh5 Rxg3 67.Rxf5 c4 68.Rc5 Rd3+ 69.Kc2 Rd4 70.Ne2 Rd3 71.Rxc4 Rxa3
72.f5 Ra2+  1/2-1/2

[Event "FRA-ch"]
[Site "Toulouse"]
[Date "1995.??.??"]
[Round "11"]
[White "Anic, Darko"]
[Black "Degraeve, Jean Marc"]
[Result "1-0"]
[WhiteElo "2410"]
[BlackElo "2410"]

1.Nf3 Nf6 2.c4 g6 3.g3 d6 4.d4 Bg7 5.Bg2 O-O 6.O-O Nbd7 7.Nc3 e5 8.h3 Re8
9.e4 exd4 10.Nxd4 Nc5 11.Re1 a5 12.Qc2 Ng4 13.Rd1 Ne5 14.b3 a4 15.Rb1 axb3
16.axb3 c6 17.Be3 Qe7 18.f4 Ned7 19.Bf2 Nf6 20.Re1 Ne6 21.Nxe6 Bxe6 22.Na4 Qc7
23.Rbd1 Ra6 24.Re2 Qc8 25.Kh2 b5 26.cxb5 cxb5 27.Qxc8 Rxc8 28.Nb6 Rb8 29.Rxd6 Bxb3
30.e5 Ne8 31.Rc6 Ra2 32.Rxa2 Bxa2 33.Bc5 Be6 34.Bf1 Bf8 35.Bxf8 Kxf8 36.Rxe6  1-0

[Event "SVK-ch"]
[Site "Trencin"]
[Date "1995.??.??"]
[Round "4"]
[White "Horvath, Mario"]
[Black "Valach, Boris"]
[Result "1-0"]
[WhiteElo "2270"]
[BlackElo "2090"]

1.d4 Nf6 2.c4 g6 3.Nf3 Bg7 4.g3 O-O 5.Bg2 d6 6.O-O Nc6 7.Nc3 e5 8.d5 Ne7
9.c5 Ne8 10.cxd6 cxd6 11.e4 f5 12.exf5 gxf5 13.Qb3 h6 14.Nh4 Nf6 15.f4 e4
16.Rd1 Qa5 17.Bh3 Bd7 18.Be3 h5 19.a4 Rfc8 20.Nb5 Ne8 21.Bf1 Bxb5 22.axb5 Qc7
23.Rxa7 Rxa7 24.b6 Ra3 25.Qxa3 Qc2 26.Rc1 Bxb2 27.Rxc2 Bxa3 28.Rxc8 Nxc8
29.Nxf5 Bc5 30.Ba6 Nxb6 31.Bxb7 Bxe3+ 32.Nxe3 Nf6 33.Kf2 Kf7 34.Bc6 Nc8 35.h3 Ne7
36.Nc4 Nxc6 37.dxc6 Ne8 38.c7  1-0

[Event "SVK-ch"]
[Site "Trencin"]
[Date "1995.??.??"]
[Round "8"]
[White "Horvath, Mario"]
[Black "Komora, Andrej"]
[Result "1/2-1/2"]
[WhiteElo "2270"]
[BlackElo "2110"]

1.d4 Nf6 2.c4 g6 3.Nf3 Bg7 4.g3 O-O 5.Bg2 d6 6.Nc3 Nbd7 7.O-O e5 8.e4 Re8
9.h3 exd4 10.Nxd4 Nc5 11.Re1 a5 12.Rb1 Bd7 13.b3 Qc8 14.Kh2 h5 15.Bg5 Nh7
16.Be3 h4 17.g4 Ne6 18.Qd2 c6 19.Kh1 Qc7 20.f4 Rad8 21.Na4 c5 22.Nf3 Bc6
23.Nxh4 Nd4 24.Nc3 Qe7 25.Nf3 Nxf3 26.Bxf3 Bxc3 27.Qxc3 Bxe4 28.Bxe4 Qxe4+
29.Kh2 Qf3 30.Qd2 Nf6 31.Qf2 Qc6 32.Qg2 d5 33.cxd5 Nxd5 34.Rbd1 Nxe3 35.Qxc6 Nxg4+
36.hxg4 bxc6 37.Kg3 Rd3+ 38.Rxd3 Rxe1 39.Rd6 Re2 40.Rxc6 Rxa2 41.Rxc5 Ra3
42.Kh4 Rxb3  1/2-1/2

[Event "Val Thorens op"]
[Site "Val Thorens"]
[Date "1995.??.??"]
[Round "?"]
[White "Moncelli, Giorgio"]
[Black "Mollov, Elin"]
[Result "0-1"]
[WhiteElo "2015"]
[BlackElo "2375"]

1.d4 Nf6 2.Nf3 g6 3.c4 Bg7 4.g3 O-O 5.Bg2 d6 6.O-O Nc6 7.Nc3 Rb8 8.b3 a6
9.Bb2 b5 10.cxb5 axb5 11.Rc1 b4 12.Nb1 Na7 13.Nfd2 Bb7 14.Bxb7 Rxb7 15.Nc4 Rb5
16.a4 bxa3 17.Nbxa3 Rh5 18.e3 Nb5 19.Nxb5 Rxb5 20.Ra1 Qd7 21.Ra7 h5 22.Nd2 h4
23.Qf3 hxg3 24.hxg3 Rf5 25.Qg2 Ng4 26.Nf3 Bh6 27.Bc1 Rb8 28.e4 Rh5 29.Bxh6 Rxh6
30.Ra3 Qc6 31.Nh4 Rb4 32.Qf3 Nf6 33.e5 Nd5 34.Ra4 Rb5 35.Ng2 Qd7 36.Ne3 Qh3
37.Qg2 Nxe3 38.fxe3 Rxb3 39.Ra8+ Kg7 40.Qxh3 Rxh3 41.Kg2 Rh5 42.exd6 cxd6
43.Re1 Rb2+ 44.Kf3 Rhh2 45.Rf1 f5 46.Ra7 Kf6 47.Ra3 g5 48.e4 g4+ 49.Ke3 Rbe2+
50.Kd3 Rxe4  0-1

[Event "Val Thorens op"]
[Site "Val Thorens"]
[Date "1995.??.??"]
[Round "?"]
[White "Horvath, J."]
[Black "Ivanov, Jordan"]
[Result "1/2-1/2"]
[WhiteElo "2510"]
[BlackElo "2355"]

1.d4 Nf6 2.Nf3 g6 3.c4 Bg7 4.g3 O-O 5.Bg2 d6 6.Nc3 c6 7.O-O Qa5 8.e4 Bg4
9.h3 Bxf3 10.Bxf3 e5 11.d5 cxd5 12.cxd5 Nbd7 13.Be3 Rfc8 14.a3 a6 15.Qd2 Qd8
16.Rfc1 h5 17.Kg2 Kh7 18.g4 Nc5 19.Qd1 hxg4 20.hxg4 Kg8 21.b4 Ncd7 22.Be2 Nh7
23.Bd3  1/2-1/2

[Event "CUB-ch sf"]
[Site "Villa Clara"]
[Date "1995.??.??"]
[Round "4"]
[White "Chacon, Jose A"]
[Black "Cruz Lima, Jose M"]
[Result "0-1"]
[WhiteElo "2155"]
[BlackElo "2270"]

1.d4 Nf6 2.c4 d6 3.g3 g6 4.Bg2 Bg7 5.Nf3 O-O 6.O-O Nc6 7.Nc3 a6 8.b3 Bd7
9.Bb2 Qc8 10.Re1 Re8 11.Rc1 e5 12.dxe5 dxe5 13.Nd5 Nh5 14.e4 Bg4 15.Qd2 Qd7
16.Bc3 Rad8 17.Qb2 f6 18.b4 Na7 19.Nd2 c6 20.Ne3 Be6 21.Nb3 Qc8 22.a4 Bh6
23.Bf1 b6 24.Nd2 Rd7 25.b5 axb5 26.axb5 Red8 27.bxc6 Qxc6 28.Nd5 Nc8 29.Be2 Rf8
30.c5 bxc5 31.Bb5 Qb7 32.Bxd7 Qxd7 33.Ne3 Nd6 34.Qb6 Rc8 35.Ra1 Nb5 36.Ra6 Bf7
37.Ba5 c4 38.Ndf1 Nd4 39.Kg2 c3 40.Ra7 Qe6 41.Rc7 c2 42.Qxe6 Bxe6 43.Rxc8+ Bxc8
44.Bc3 Bd7 45.Bb2 Ng7 46.Nd2 Nge6 47.Rc1 Ba4 48.Ba3 Bf8 49.Bxf8 Kxf8 50.Ra1 Ng5  0-1

[Event "LTU-ch"]
[Site "Vilnius"]
[Date "1995.??.??"]
[Round "5"]
[White "Lapienis, Donatas"]
[Black "Rumiancev, Boris"]
[Result "1-0"]
[WhiteElo "2345"]
[BlackElo "2285"]

1.d4 Nf6 2.c4 g6 3.Nf3 Bg7 4.g3 O-O 5.Bg2 d6 6.O-O Nbd7 7.Nc3 e5 8.e4 exd4
9.Nxd4 Nc5 10.h3 Re8 11.Re1 a5 12.Qc2 a4 13.Be3 c6 14.Rab1 Qa5 15.b4 axb3
16.axb3 Qb4 17.Bd2 Qb6 18.Be3 Qb4 19.Bd2 Qb6 20.Nde2 Nfd7 21.b4 Ne6 22.Be3 Qa6
23.b5 Qa3 24.Rb2 Nc7 25.Reb1 d5 26.Ra2 Qe7 27.Rxa8 Nxa8 28.cxd5 c5 29.Na4 b6
30.Nb2 Nf6 31.Nc3 Nd7 32.Nc4 Qf6 33.Na4 Bb7 34.Qd2 Ne5 35.Nxe5 Qxe5 36.Nb2 Rd8
37.Nc4  1-0

[Event "Vinkovci"]
[Site "Vinkovci"]
[Date "1995.??.??"]
[Round "?"]
[White "Stohl, Igor"]
[Black "Stevic, Hrvoje"]
[Result "1-0"]
[WhiteElo "2530"]
[BlackElo "2300"]

1.d4 Nf6 2.c4 g6 3.g3 Bg7 4.Bg2 d6 5.Nf3 O-O 6.Nc3 Nbd7 7.O-O e5 8.e4 exd4
9.Nxd4 Nc5 10.h3 Re8 11.Re1 Bd7 12.Bf4 h6 13.Rb1 Nh7 14.b4 Ne6 15.Be3 Nxd4
16.Bxd4 Be6 17.Nd5 Bxd5 18.cxd5 a5 19.b5 b6 20.f4 f6 21.h4 Re7 22.Bh3 Nf8
23.h5 g5 24.Bf5 Qe8 25.a4 Qf7 26.Rb2 Rae8 27.Rf2 Qxd5 28.exd5 Rxe1+ 29.Rf1 Rxd1
30.Rxd1 Re7 31.Rc1 Kf7 32.Kf2 Kg8 33.Rc4 Kf7 34.Bc8 Ke8 35.Bf5 Kf7 36.Rc3 Ke8
37.Rc6 Kf7 38.Rc2 Ke8 39.Rc1 Kf7 40.Rc4 Ke8 41.Rc6 Kf7 42.Bxb6 cxb6 43.Rxb6 gxf4
44.gxf4 Nd7 45.Rxd6 Nc5 46.Rc6 Bf8 47.Bg6+ Kg7 48.Rxc5  1-0

[Event "Vladivostok Zaitsev"]
[Site "Vladivostok"]
[Date "1995.??.??"]
[Round "2"]
[White "Fominyh, Alexander"]
[Black "Yurtaev, Leonid"]
[Result "1-0"]
[WhiteElo "2515"]
[BlackElo "2505"]

1.d4 Nf6 2.Nf3 g6 3.c4 Bg7 4.g3 O-O 5.Bg2 d6 6.O-O Nbd7 7.Qc2 e5 8.Rd1 Re8
9.e4 c6 10.Nc3 Qe7 11.Be3 exd4 12.Nxd4 h5 13.Bg5 Qf8 14.h3 Nh7 15.Bf4 Ne5
16.b3 h4 17.g4 Bf6 18.Qd2 Qg7 19.Rac1 a6 20.Bh6 Qh8 21.g5 Bd8 22.f4 Nd7 23.Nf3 Bb6+
24.Kh1 Nhf6 25.Nxh4 Nc5 26.Qxd6 Ne6 27.f5 Bc7 28.fxe6 Bxd6 29.exf7+ Kxf7
30.Rxd6 Nh5 31.Nxg6 Qh7 32.Nf8 Qh8 33.Rf1+ Ke7 34.Rd3 Bf5 35.exf5 Rxf8 36.f6+ Ke6
37.Re1+ Kf7 38.Re7+ Kg8 39.Bg7 Qh7 40.Be4 Ng3+ 41.Rxg3 Qh4 42.Kg2 Rfd8 43.Bf3 Rd2+
44.Ne2 Rxa2 45.Re4 Rxe2+  1-0

[Event "Vladivostok op"]
[Site "Vladivostok"]
[Date "1995.??.??"]
[Round "7"]
[White "Zhidkov, Valery S"]
[Black "Saltaev, Mihail"]
[Result "0-1"]
[WhiteElo "2315"]
[BlackElo "2495"]

1.d4 Nf6 2.Nf3 g6 3.c4 Bg7 4.g3 O-O 5.Bg2 d6 6.O-O Nbd7 7.Nc3 e5 8.Qc2 c6
9.Rd1 Qe7 10.e4 Ne8 11.Bg5 f6 12.Be3 f5 13.exf5 gxf5 14.dxe5 dxe5 15.Qd2 e4
16.Ng5 Ne5 17.b3 Nf6 18.Rab1 Nfg4 19.Nh3 Nxe3 20.Qxe3 Ng4 21.Qe1 Be6 22.Ne2 Qc5
23.Nef4 Rae8 24.Nxe6 Rxe6 25.Qe2 Ne5 26.Nf4 Re7 27.Qe3 Qxe3 28.fxe3 Ng4 29.Re1 Bc3
30.Re2 Rd8 31.Bh3 Nh6 32.a3 Kg7 33.Rc2 Be5 34.Bf1 Kf6 35.Be2 Red7 36.h3 Rd2
37.Rxd2 Rxd2 38.Kf1 Ra2 39.a4 Bd6 40.Rd1 Ke7 41.Rb1 a5 42.g4 Bc5 43.Ng2 Rc2
44.Ke1 fxg4 45.hxg4 Kf6 46.Rd1 Nxg4 47.Bxg4 Rxg2 48.Bc8 b6 49.Bb7 Bxe3 50.Rd6+ Ke5
51.Rxc6 Rh2 52.Rc8 Bd2+ 53.Kd1 e3 54.c5 bxc5 55.Rxc5+ Kf4 56.Ba6 Bb4 57.Rc2 Rd2+
58.Kc1 Kf3 59.Rc7 e2 60.Bxe2+ Rxe2 61.Rxh7 Ke3  0-1

[Event "Vladivostok Zaitsev"]
[Site "Vladivostok"]
[Date "1995.??.??"]
[Round "8"]
[White "Filippov, Valerij"]
[Black "Kravtsov, Sergey"]
[Result "1-0"]
[WhiteElo "2510"]
[BlackElo "2265"]

1.Nf3 Nf6 2.c4 g6 3.d4 d6 4.g3 Bg7 5.Bg2 O-O 6.Nc3 Nc6 7.O-O a6 8.d5 Na5
9.Nd2 c5 10.Qc2 Rb8 11.b3 b5 12.Bb2 Bh6 13.f4 bxc4 14.bxc4 e5 15.Rae1 exf4
16.gxf4 Nh5 17.e3 f5 18.Nd1 Bd7 19.Bc3 Bg7 20.Nf2 Qc7 21.Nd3 Rbe8 22.Bxg7 Nxg7
23.Qc3 Nb7 24.e4 fxe4 25.Nxe4 Qd8 26.Ng5 Qc8 27.Rxe8 Rxe8 28.Nf2 Bf5 29.Nfe4 Nh5
30.Ne6 Qd7 31.Rb1 Nd8 32.Rb8 Nxe6 33.dxe6 Qxe6 34.Nxd6 Nxf4 35.Bd5 Ne2+ 36.Kf2 Nxc3
37.Bxe6+  1-0

[Event "Vladivostok2 op"]
[Site "Vladivostok"]
[Date "1995.??.??"]
[Round "9"]
[White "Permiakov, Vladimir"]
[Black "Iskusnyh, Sergei"]
[Result "0-1"]
[WhiteElo "2330"]
[BlackElo "2430"]

1.Nf3 Nf6 2.c4 g6 3.d4 Bg7 4.g3 O-O 5.Bg2 d6 6.O-O c6 7.Nc3 Qb6 8.h3 Na6
9.e4 e5 10.dxe5 dxe5 11.b3 Nc5 12.Be3 Qa5 13.Qe2 Ne6 14.Rfd1 Nh5 15.Na4 f5
16.c5 Qc7 17.Bc1 Nf6 18.exf5 gxf5 19.Bb2 Nd5 20.Kh2 Bd7 21.Re1 e4 22.Bxg7 Nxg7
23.Nd4 Rf7 24.Nb2 Raf8 25.a3 Ne8 26.Nc4 Rg7 27.Rg1 h5 28.h4 Qd8 29.Qd2 Nef6
30.Bh3 f4 31.Ne6 Bxe6 32.Bxe6+ Kh8 33.Nd6 Qe7 34.Bh3 Ng4+ 35.Bxg4 Rxg4 36.Rae1 Rxh4+  0-1

[Event "AUT-ch"]
[Site "Voitsberg"]
[Date "1995.??.??"]
[Round "12"]
[White "Sommerbauer, Norbert"]
[Black "Wittmann, Walter"]
[Result "1/2-1/2"]
[WhiteElo "2385"]
[BlackElo "2380"]

1.Nf3 Nf6 2.c4 g6 3.d4 Bg7 4.g3 O-O 5.Bg2 d6 6.Nc3 Nc6 7.O-O Bf5 8.b3 Ne4
9.Bb2 Nxc3 10.Bxc3 Be4 11.Qd2 d5 12.Rfd1 e6 13.Rac1 Re8 14.Qf4 Qe7 15.Bh3 Bxf3
16.Qxf3 Rad8 17.e3 Nb8 18.Bg2 c6 19.Qe2 Na6 20.Bf1 Rd7 21.Qb2  1/2-1/2

[Event "SLO-ch"]
[Site "Vrhnika"]
[Date "1995.??.??"]
[Round "?"]
[White "Krumpacnik, Domen"]
[Black "Tratar, Marko"]
[Result "1-0"]
[WhiteElo "2405"]
[BlackElo "2405"]

1.d4 Nf6 2.c4 d6 3.Nf3 g6 4.g3 Bg7 5.Bg2 O-O 6.O-O Nbd7 7.Nc3 e5 8.e4 exd4
9.Nxd4 Re8 10.Re1 Nc5 11.h3 Bd7 12.Rb1 Qc8 13.Kh2 h6 14.Nb3 Na4 15.Na5 Nxc3
16.bxc3 b6 17.e5 dxe5 18.Bb7 Qb8 19.Bxa8 Qxa8 20.Nb3 Rd8 21.Nd2 Qc8 22.g4 h5
23.f3 hxg4 24.fxg4 Bc6 25.Qe2 e4 26.Nf1 Nd7 27.Bg5 Re8 28.Qe3 Ne5 29.Nd2 Nd3
30.Rf1 Bxc3 31.Bf6 Bxf6 32.Rxf6 Re6 33.Rbf1 Rxf6 34.Rxf6 Qe8 35.Kg1 Bb7 36.Nf3 Qe7
37.Qg5 Qc5+ 38.Qxc5 Nxc5 39.Ne5 Ba6 40.Kf2 Nd3+ 41.Nxd3 exd3 42.Rc6  1-0

[Event "Wattens op"]
[Site "Wattens"]
[Date "1995.??.??"]
[Round "?"]
[White "Skomorokhin, Roman"]
[Black "Gurevich, Vladimir"]
[Result "1/2-1/2"]
[WhiteElo "2460"]
[BlackElo "2435"]

1.d4 Nf6 2.c4 g6 3.g3 Bg7 4.Bg2 O-O 5.Nf3 d6 6.O-O Nbd7 7.Qc2 e5 8.Rd1 Qe7
9.Nc3 c6 10.b3 Re8 11.e4 a5 12.dxe5 dxe5 13.h3 Bf8 14.Be3 Nc5 15.a3 Qc7 16.Rab1 Na6
17.Qb2 Nc5 18.Ne1 Be6 19.b4 axb4 20.axb4 Na4 21.Nxa4 Rxa4 22.c5 Rea8 23.Ra1 Nd7
24.Rxa4 Rxa4 25.Ra1 Rxa1 26.Qxa1 Qb8 27.Qa5 Be7 28.Bf1 Bd8 29.Qa4 Qc8 30.Nf3 Nf6
31.Ng5 Bd7 32.h4 h6 33.Nf3 Ng4 34.Bd2 Be6 35.Qa1 Bc7 36.Bc3 f6 37.Nd2 h5
38.Nc4 Nh6 39.Qa7 Qb8 40.Qa1 Nf7 41.Bd2 Qd8 42.Be3 f5 43.exf5 gxf5 44.Qc3 Qd1
45.Bc1 f4 46.Bb2 Qg4 47.Nd2 Bd5 48.Qd3 f3 49.Qc3 Kf8 50.Kh2  1/2-1/2

[Event "Werfen op"]
[Site "Werfen"]
[Date "1995.??.??"]
[Round "2"]
[White "Piven, Igor"]
[Black "Gelbmann, Norbert"]
[Result "1/2-1/2"]
[WhiteElo "2365"]
[BlackElo "2145"]

1.d4 Nf6 2.c4 g6 3.Nf3 Bg7 4.g3 O-O 5.Bg2 d6 6.Nc3 Nc6 7.O-O e5 8.d5 Ne7
9.c5 Ne8 10.cxd6 Nxd6 11.e4 c6 12.Qb3 cxd5 13.exd5 Nef5 14.Re1 Re8 15.Ne4 Qb6
16.Nxd6 Nxd6 17.Be3 Qxb3 18.axb3 Bf5 19.Rxa7 e4 20.Rxa8 Rxa8 21.Nd4 Ra5 22.Nxf5 gxf5
23.Rd1 Be5 24.f4 Bxb2 25.b4 Ra8 26.Bc5 Rd8 27.Bh3 Bc3 28.Kf2 e3+ 29.Kxe3 Nc4+
30.Kf2 Nb2 31.Rb1 Rxd5 32.Bg2 Rd2+ 33.Kg1 b5 34.Bc6 Nc4 35.Re1 Bd4+ 36.Bxd4 Rxd4
37.Bxb5 Nd6 38.Bd7 Rxb4 39.Rd1 Rb6 40.Rd5 Kg7 41.Bxf5 Nxf5 42.Rxf5 Rb2 43.Re5 Kg6
44.Re1 Kf5 45.h3 h5 46.Rf1 Ke4 47.Rf2 Rxf2 48.Kxf2 h4 49.Kg2 f6 50.Kf2 f5
51.Kg2 Ke3 52.g4 Kxf4 53.gxf5  1/2-1/2

[Event "Werfen op"]
[Site "Werfen"]
[Date "1995.??.??"]
[Round "3"]
[White "Staller, Peter"]
[Black "Gelbmann, Norbert"]
[Result "1/2-1/2"]
[WhiteElo "2375"]
[BlackElo "2145"]

1.d4 Nf6 2.Nf3 g6 3.g3 Bg7 4.Bg2 O-O 5.c4 d6 6.O-O Nc6 7.Nc3 e5 8.dxe5 dxe5
9.Bg5 Be6 10.Qa4 h6 11.Rfd1 Qe7 12.Nd5 Bxd5 13.Bxf6 Bxf6 14.cxd5 Nd4 15.Nxd4 exd4
16.Qc4 Rfe8 17.Bf3 Kg7 18.Rac1 Be5 19.Qb3 Rab8 20.Rc4 h5 21.Rb4 c5  1/2-1/2